Gaming Quiz

Random Gaming or Pokémon Quiz
Score 0/16 Timer 04:00
3 Plays Today
% Correct
Sonic the Hedgehog
95.4%
Super Mario World
95.3%
Pokemon
91.7%
Space Invaders
88.9%
Legend of Zelda
88.9%
Oregon Trail
88.8%
Portal
85.7%
Shadow of the Colossus
84.3%
% Correct
Resident Evil
84.1%
Mega Man
84.1%
Fallout
83.2%
Halo
81.7%
Half-Life
79.3%
Red Dead Redemption
79.1%
Ski-Free
75.4%
Borderlands
68.6%
Remove Ads.
Support Sporcle.
Get the best of Sporcle when you Go Orange. This ad-free experience offers more features, more stats, and more fun while also helping to support Sporcle. Thank you for becoming a member.

You're not logged in!

Compare scores with friends on all Sporcle quizzes.
OR
Log In

Sporcle TV

Today on Sporcle TV


Watch our educational content, quiz creation guides, and fun videos on Sporcle TV.

Show Comments

Extras

Top Quizzes Today


Score Distribution

Paid Content

Your Account Isn't Verified!

In order to create a playlist on Sporcle, you need to verify the email address you used during registration. Go to your Sporcle Settings to finish the process.

Report this User

Report this user for behavior that violates our Community Guidelines.

Details: